000 00446ngm a2200169 i 4500
001 C2-0325249
003 PPAK
005 20180727222114.0
008 140122s2011 my |||| ||||| | vlchi d
040 _aPPAK
_beng
_cPPAK
_erda
245 0 4 _aThe cat returns
264 1 _aKuala Lumpur :
_bMovie Master Distributors ,
_c2011
336 _2rdacontent
_atext
337 _2rdamedia
_aunmediated
338 _2rdacarrier
_avolume
942 _2ddc
_cDVD
999 _c167565
_d167565